| 000 | 01124nam a22003377a 4500 | ||
|---|---|---|---|
| 003 | CHAP | ||
| 005 | 20220329135421.0 | ||
| 008 | 971013s1985 r 00010 d | ||
| 010 | _a36106 | ||
| 011 | _a37078 | ||
| 035 | _a41197 | ||
| 040 | _cCHAP | ||
| 082 |
_a615.9 _bO7 |
||
| 110 |
_aOrganización Panamericana de la Salud _983557 |
||
| 245 | _aNociones básicas de toxicología | ||
| 260 |
_aMéxico, D. F. : _bOPS, _c1985 |
||
| 300 |
_a425 p. _b: ilus. ; gráfs. |
||
| 490 | _aLecturas complementarias | ||
| 590 |
_aBATCH-UPD _b10 _c20130109 _lUCH01 _h2337 |
||
| 590 |
_aBATCH-UPD _b10 _c20130110 _lUCH01 _h1207 |
||
| 590 |
_aBATCH-UPD _b10 _c20130410 _lUCH01 _h0747 |
||
| 590 |
_aBATCH-UPD _b10 _c20130914 _lUCH01 _h1718 |
||
| 590 |
_aCONVERSION _b10 _c20130109 _lUCH01 _h1320 |
||
| 650 | 1 | 4 |
_aToxicología. _9114454 |
| 710 | 0 |
_aCentro Panamericano de Ecología Humana y Salud. _921257 |
|
| 710 | 0 |
_aOrganización Mundial de la Salud. _983555 |
|
| 830 | 0 |
_aLecturas complementarias _965506 |
|
| 901 | _aBK | ||
| 942 | _cLIBRO | ||
| 949 |
_a615.9 O7 _bBC _cLIBRO _d33724000012407 _eLIBRO _gI. 135593 _h71356 _i41197 _si _t84.50 |
||
| 999 |
_c36106 _d36106 |
||